000 00585nam a2200181Ia 4500
005 20250423100638.0
008 250422s9999 xx 000 0 und d
020 _a0821318632
050 _aHD 4420.8 .R38/
100 _aEdited by Ravi Ramamurti, and Raymond Vernon.
245 0 _aPrivatization and control of state-owned enterprises
260 _aWashington, D.C
260 _bWorld Bank
260 _c1991
300 _a332 p
650 _aPrivatization--Developing countries--Case studies. Government business enterprises--Developing countries--Case studies.
942 _cBK
999 _c33929
_d33929